Statistics for Philippines Cities Map Quiz

Click here to take the quiz!

General Stats

  • This quiz has been taken 330 times
  • The average score is 6 of 10

Answer Stats

Answer % Correct
Manila
84%
Puerto Princesa
72%
Baguio
67%
Cebu
65%
Zamboanga City
63%
Davao
58%
General Santos
57%
Cayagan de Oro
48%
Iloilo City
48%
Tablilaran
46%

Score Distribution

Percentile by Number Answered

Percent of People with Each Score

Your Score History

You have not taken this quiz